[Event "World op 50th"]
[Site "Philadelphia"]
[Date "2022.07.04"]
[Round "9"]
[White "Sun, Ryan"]
[Black "Valido Bouza, Cesar Jose"]
[Result "0-1"]
[WhiteElo "2096"]
[BlackElo "2190"]
[PlyCount "128"]
[EventDate "2022.06.30"]
[EventType "swiss"]
[EventRounds "9"]
[EventCountry "USA"]
[SourceTitle "CBM 209 Extra"]
[Source "ChessBase"]
[SourceDate "2022.09.30"]
[SourceVersion "1"]
[SourceVersionDate "2022.09.30"]
[SourceQuality "1"]

1. d4 b5 2. e4 Bb7 3. Bxb5 Bxe4 4. Nf3 e6 5. 0-0 c6 6. Be2 Bxf3 7. Bxf3 d5 8. Bf4 g6 9. c4 Bg7 10. Nc3 Ne7 11. cxd5 cxd5 12. Qa4+ Nbc6 13. Rfd1 0-0 14. Ne2 Qb6 15. Bd6 Rfc8 16. Bc5 Qd8 17. b4 Nf5 18. b5 Ne5 19. Qb3 Nh4 20. dxe5 Rxc5 21. Rac1 Rac8 22. Qe3 Rxc1 23. Rxc1 Rxc1+ 24. Nxc1 Qb8 25. Be2 Bxe5 26. g3 Nf5 27. Qd3 Qb6 28. Nb3 Bd4 29. Qf3 Nd6 30. a4 Ne4 31. Bd3 Bxf2+ 32. Kf1 Bc5 33. Bxe4 dxe4 34. Qxe4 Bg1 35. Qg2 Be3 36. Qa8+ Kg7 37. Qe4 Bg5 38. Qd4+ Bf6 39. Qxb6 axb6 40. Ke2 Kf8 41. Kd3 Ke8 42. g4 Bd8 43. Nd2 Bc7 44. h3 f5 45. Nc4 Ke7 46. Kd4 Kf6 47. Ke3 Kg5 48. gxf5 exf5 49. Kf3 Kh4 50. Kg2 f4 51. Nd2 g5 52. Ne4 h5 53. Nf6 g4 54. hxg4 hxg4 55. Nd5 f3+ 56. Kf2 Bd8 57. a5 bxa5 58. b6 Bxb6+ 59. Nxb6 Kh3 60. Nd5 a4 61. Nc3 a3 62. Kg1 g3 63. Na2 f2+ 64. Kf1 g2+ 0-1

[Event "Space Coast op 27th"]
[Site "Melbourne FL"]
[Date "2022.04.24"]
[Round "5"]
[White "Valido Bouza, Cesar Jose"]
[Black "Yisrael, Shama"]
[Result "1-0"]
[WhiteElo "2119"]
[BlackElo "1695"]
[PlyCount "81"]
[EventDate "2022.04.22"]
[EventType "swiss"]
[EventRounds "5"]
[EventCountry "USA"]
[SourceTitle "EXT 2023"]
[Source "ChessBase"]
[SourceDate "2022.10.05"]
[SourceVersion "1"]
[SourceVersionDate "2022.10.05"]
[SourceQuality "1"]

1. e4 e5 2. Nf3 Nc6 3. Nc3 Bc5 4. Nxe5 Nxe5 5. d4 Bd6 6. dxe5 Bxe5 7. Bd2 d6 8. f4 Bd4 9. Qf3 Qh4+ 10. g3 Qg4 11. Qd3 Bxc3 12. Bxc3 f6 13. Be2 Qe6 14. Bh5+ g6 15. Bf3 Ne7 16. 0-0-0 0-0 17. h4 Qxa2 18. h5 Be6 19. hxg6 d5 20. gxh7+ Kg7 21. Qd4 Rf7 22. f5 Nc6 23. Qe3 d4 24. Qh6+ Kh8 25. Rxd4 Nxd4 26. fxe6 Rd8 27. Bxd4 Rxd4 28. c3 Qxe6 29. cxd4 Qc4+ 30. Kd2 Qxd4+ 31. Ke1 Qxb2 32. Rh5 Rg7 33. Rd5 Qb4+ 34. Kf1 Qf8 35. Rd7 Rf7 36. Qxf8+ Rxf8 37. Rxc7 Rb8 38. e5 fxe5 39. Be4 a5 40. g4 a4 41. g5 1-0

[Event "Space Coast op 25th"]
[Site "Cocoa Beach"]
[Date "2018.04.29"]
[Round "4"]
[White "Parker, Anthony Lee"]
[Black "Valido Bouza, Cesar Jose"]
[Result "1/2-1/2"]
[WhiteElo "2045"]
[BlackElo "2266"]
[PlyCount "200"]
[EventDate "2018.04.27"]
[EventType "swiss"]
[EventRounds "5"]
[EventCountry "USA"]
[SourceTitle "CBM 184 Extra"]
[Source "ChessBase"]
[SourceDate "2018.06.28"]
[SourceVersion "1"]
[SourceVersionDate "2018.06.28"]
[SourceQuality "1"]

1. e4 c6 2. d4 d5 3. e5 Bf5 4. f4 e6 5. Nf3 h5 6. Bd3 Nh6 7. 0-0 c5 8. Nc3 Nc6 9. Ne2 Bxd3 10. Qxd3 Nf5 11. c3 h4 12. Be3 Qb6 13. Bf2 g6 14. Rfd1 Be7 15. a4 a6 16. Kf1 c4 17. Qc2 Na5 18. Nd2 Kf8 19. g4 hxg3 20. hxg3 Kg7 21. Kg2 Rh7 22. Rh1 Rah8 23. Rxh7+ Rxh7 24. g4 Nh6 25. Kf3 Qd8 26. Rh1 Qh8 27. Ng3 Ng8 28. Rxh7+ Qxh7 29. f5 gxf5 30. gxf5 Kf8 31. Qb1 Bg5 32. fxe6 Qxb1 33. Nxb1 fxe6 34. Be3 Bh4 35. Nh5 Kf7 36. Nd2 Ne7 37. Kg4 Nf5 38. Bf4 Kg6 39. Nf3 Be7 40. Nd2 b6 41. Nf3 Nb3 42. Ng5 Nh6+ 43. Kh4 Nf7 44. Nf6 Bxf6 45. exf6 Kxf6 46. Nxf7 Kxf7 47. Bc7 Nc1 48. Bxb6 Nd3 49. a5 Nxb2 50. Bc5 Kg6 51. Kg4 Nd3 52. Bd6 Kf6 53. Ba3 Nf2+ 54. Kf4 Ne4 55. Bb4 Nd2 56. Ke3 Nb3 57. Kf4 Nd2 58. Ke3 Ne4 59. Kf4 Ng5 60. Bd6 Nf7 61. Bf8 Nd8 62. Bd6 Nc6 63. Bc7 Ke7 64. Ke3 Kd7 65. Bb6 Nb8 66. Kf4 Kc6 67. Ke5 Nd7+ 68. Kxe6 Nxb6 69. axb6 Kxb6 70. Kxd5 Kb5 71. Ke4 a5 72. Ke3 a4 73. Kd2 Ka5 74. Kc2 Kb5 75. Kb2 Kb6 76. Ka3 Kb5 77. d5 Kc5 78. Kxa4 Kxd5 79. Kb4 Kd6 80. Kxc4 Kc6 81. Kb4 Kb6 82. c4 Kc6 83. c5 Kc7 84. Kc4 Kc6 85. Kd4 Kc7 86. Kd5 Kd7 87. Ke5 Kc6 88. Kd4 Kc7 89. Kd5 Kd7 90. Kc4 Kc6 91. Kb4 Kc7 92. Kb5 Kb7 93. c6+ Kc7 94. Kc5 Kc8 95. Kb6 Kb8 96. Kc5 Kc7 97. Kd5 Kc8 98. Kd6 Kd8 99. Ke6 Kc7 100. Ke7 Kxc6 1/2-1/2

[Event "Space Coast op 23rd"]
[Site "Cocoa Beach"]
[Date "2016.04.23"]
[Round "3"]
[White "Valido Bouza, Cesar Jose"]
[Black "Li, Ruifeng"]
[Result "0-1"]
[WhiteElo "2244"]
[BlackElo "2529"]
[PlyCount "46"]
[EventDate "2016.04.22"]
[EventType "swiss"]
[EventRounds "5"]
[EventCountry "USA"]
[SourceTitle "CBM 172 Extra"]
[Source "ChessBase"]
[SourceDate "2016.06.21"]
[SourceVersion "1"]
[SourceVersionDate "2016.06.21"]
[SourceQuality "1"]

1. b3 e5 2. Bb2 Nc6 3. c4 Nf6 4. e3 d5 5. cxd5 Nxd5 6. a3 Bd6 7. d3 Be6 8. Nf3 0-0 9. Be2 f5 10. Qc2 Qf6 11. Nc3 Qg6 12. g3 Rae8 13. 0-0 Nxc3 14. Bxc3 f4 15. e4 fxg3 16. hxg3 Rf4 17. b4 Ref8 18. Kg2 a6 19. Qb2 h5 20. Nxe5 Qg5 21. d4 h4 22. Bc4 Bxc4 23. Nxc4 hxg3 0-1

[Event "Fort Myers Gulf Coast op 2nd"]
[Site "Fort Myers"]
[Date "2016.01.09"]
[Round "2"]
[White "Valido Bouza, Cesar Jose"]
[Black "Gareyev, Timur"]
[Result "0-1"]
[WhiteElo "2241"]
[BlackElo "2605"]
[PlyCount "40"]
[EventDate "2016.01.08"]
[EventType "swiss"]
[EventRounds "5"]
[EventCountry "USA"]
[SourceTitle "CBM 170 Extra"]
[Source "ChessBase"]
[SourceDate "2016.02.25"]
[SourceVersion "1"]
[SourceVersionDate "2016.02.25"]
[SourceQuality "1"]

1. e4 e5 2. Nf3 Nc6 3. Bc4 Bc5 4. c3 d6 5. Bb3 Qf6 6. d3 Nge7 7. Be3 h6 8. Nbd2 Ng6 9. Ba4 0-0 10. Nf1 Nf4 11. Bxf4 Qxf4 12. Ng3 f5 13. Bb3+ Kh8 14. exf5 Bxf5 15. Nxf5 Rxf5 16. 0-0 Raf8 17. Bd5 Rh5 18. Qe2 Qg4 19. Bxc6 bxc6 20. d4 e4 0-1

[Event "Havana UCI op 8th"]
[Site "Havana"]
[Date "2009.11.09"]
[Round "5"]
[White "Lemes Rosales, Lazaro"]
[Black "Valido Bouza, Cesar Jose"]
[Result "1-0"]
[WhiteElo "2179"]
[BlackElo "2211"]
[PlyCount "119"]
[EventDate "2009.11.04"]
[EventType "swiss"]
[EventRounds "9"]
[EventCountry "CUB"]
[SourceTitle "EXT 2011"]
[Source "ChessBase"]
[SourceDate "2010.11.26"]
[SourceVersion "1"]
[SourceVersionDate "2010.11.26"]
[SourceQuality "1"]

1. e4 c6 2. d4 d5 3. Nc3 dxe4 4. Nxe4 Nf6 5. Ng3 Bg4 6. Qd3 Nbd7 7. h3 Bh5 8. Nxh5 Nxh5 9. Bd2 Nhf6 10. 0-0-0 e6 11. g4 Qc7 12. Qf3 g6 13. Ne2 b5 14. h4 h5 15. gxh5 Nxh5 16. Ng3 Nb6 17. Bg5 Be7 18. Bd3 Nd5 19. Kb1 Bxg5 20. hxg5 Qf4 21. Qxf4 Ndxf4 22. Be4 Kd7 23. Nxh5 gxh5 24. Rh4 Ng6 25. Rh2 Rag8 26. Rdh1 h4 27. c3 Kd6 28. Rh3 Rh5 29. Bxg6 Rxg6 30. f4 Kd5 31. Rxh4 Rxh4 32. Rxh4 Rg7 33. Rh6 Ke4 34. Rf6 Kd3 35. a4 b4 36. cxb4 Kxd4 37. Ka2 Kc4 38. Ka3 Rh7 39. Rh6 Rg7 40. Rh3 Kd4 41. b5 cxb5 42. axb5 Ke4 43. Rc3 Kxf4 44. Rc7 Kxg5 45. Rxa7 Kg6 46. b6 Rg8 47. b7 Rb8 48. Kb4 f5 49. Kc5 f4 50. Kd6 Kf5 51. Kc7 Rh8 52. b8Q Rxb8 53. Kxb8 e5 54. Kc7 e4 55. Kd6 e3 56. Re7 Kg4 57. Re4 Kg3 58. b4 Kf3 59. Kd5 e2 60. b5 1-0

[Event "Havana Province-ch sf"]
[Site "Havana"]
[Date "2009.08.03"]
[Round "9"]
[White "Cespedes Beltran, Manuel"]
[Black "Valido Bouza, Cesar Jose"]
[Result "1/2-1/2"]
[WhiteElo "2262"]
[BlackElo "2252"]
[PlyCount "76"]
[EventDate "2009.07.23"]
[EventType "swiss"]
[EventRounds "9"]
[EventCountry "CUB"]
[EventCategory "1"]
[SourceTitle "EXT 2018"]
[Source "ChessBase"]
[SourceDate "2017.10.13"]
[SourceVersion "1"]
[SourceVersionDate "2017.10.13"]
[SourceQuality "1"]

1. e4 c6 2. d4 d5 3. e5 c5 4. c3 Nc6 5. Nf3 Bg4 6. Nbd2 cxd4 7. cxd4 e6 8. Be2 Nge7 9. b4 Qb6 10. Rb1 Bxf3 11. Nxf3 Nf5 12. Qa4 Be7 13. Be3 0-0 14. 0-0 Nxe3 15. fxe3 f5 16. g3 g5 17. b5 Na5 18. Rfc1 Rac8 19. Rc2 g4 20. Ne1 Bg5 21. Ng2 Rxc2 22. Qxc2 Nc4 23. Bxc4 Rc8 24. Rb4 Qc7 25. Bd3 Qxc2 26. Bxc2 Rxc2 27. Ra4 Rb2 28. Rxa7 Rxb5 29. a4 Rb1+ 30. Kf2 Rb2+ 31. Kf1 h5 32. a5 h4 33. gxh4 Bh6 34. a6 bxa6 35. Rxa6 Kf7 36. Ra7+ Kg6 37. Ra6 Kf7 38. h5 Bg5 1/2-1/2

[Event "Havana Province-ch sf"]
[Site "Havana"]
[Date "2009.07.24"]
[Round "2"]
[White "Valido Bouza, Cesar Jose"]
[Black "Ordunez Echarte, Dennys"]
[Result "0-1"]
[WhiteElo "2252"]
[BlackElo "2299"]
[PlyCount "82"]
[EventDate "2009.07.23"]
[EventType "swiss"]
[EventRounds "9"]
[EventCountry "CUB"]
[EventCategory "1"]
[SourceTitle "EXT 2018"]
[Source "ChessBase"]
[SourceDate "2017.10.13"]
[SourceVersion "1"]
[SourceVersionDate "2017.10.13"]
[SourceQuality "1"]

1. e4 c5 2. b3 Nc6 3. Bb2 e5 4. Bb5 Nge7 5. Nf3 d6 6. 0-0 g6 7. Ng5 h6 8. Nh3 Bg7 9. f4 0-0 10. Bxc6 Nxc6 11. f5 d5 12. fxg6 fxg6 13. Rxf8+ Bxf8 14. Nc3 d4 15. Nd5 Bg7 16. Qf3 Be6 17. Rf1 Qh4 18. Nf2 Rf8 19. Qg3 Qxg3 20. hxg3 Bxd5 21. exd5 Nb4 22. Ne4 Nxd5 23. Rxf8+ Bxf8 24. a3 Kf7 25. Kf2 Ke6 26. c4 Nf6 27. Kf3 Nxe4 28. Kxe4 h5 29. d3 Bh6 30. b4 b6 31. b5 Bd2 32. a4 g5 33. g4 hxg4 34. Ba3 Kf6 35. Bb2 Kg6 36. Kxe5 Kh5 37. Ba3 Kh4 38. Kf5 Kg3 39. a5 Kxg2 40. Kxg4 Bf4 41. a6 Kf2 0-1

[Event "Havana Guevara Memorial 1st"]
[Site "Havana"]
[Date "2007.06.12"]
[Round "8"]
[White "Valido Bouza, Cesar Jose"]
[Black "Perez Perez, Osniel"]
[Result "0-1"]
[WhiteElo "2248"]
[BlackElo "2180"]
[PlyCount "98"]
[EventDate "2007.06.04"]
[EventType "tourn"]
[EventRounds "11"]
[EventCountry "CUB"]
[SourceTitle "EXT 2019"]
[Source "ChessBase"]
[SourceDate "2018.10.10"]
[SourceVersion "1"]
[SourceVersionDate "2018.10.10"]
[SourceQuality "1"]

1. Nf3 Nf6 2. d4 g6 3. Bf4 Bg7 4. e3 0-0 5. h3 c5 6. c3 d5 7. Nbd2 Qb6 8. Qb3 Nc6 9. Be2 Bf5 10. 0-0 c4 11. Qxb6 axb6 12. g4 Bc8 13. Ne5 h5 14. f3 b5 15. a3 Nd7 16. Nxd7 Bxd7 17. gxh5 Bxh3 18. Rf2 b4 19. Rh2 bxc3 20. bxc3 Bf5 21. e4 Nxd4 22. exf5 Nxf5 23. hxg6 fxg6 24. Nxc4 Nd4 25. Be5 Nxe2+ 26. Rxe2 dxc4 27. Bxg7 Kxg7 28. Rxe7+ Rf7 29. Rxf7+ Kxf7 30. Kf2 Ke6 31. Ke3 Kd5 32. Kf4 b5 33. Kg5 Ra6 34. Kf4 Rf6+ 35. Ke3 Kc5 36. Rg1 Rd6 37. Ke4 Re6+ 38. Kf4 Kb6 39. Rb1 Ka5 40. Rb4 Re1 41. a4 bxa4 42. Rxc4 a3 43. Rc8 Ka4 44. Ra8+ Kb3 45. c4 a2 46. c5 a1Q 47. Rxa1 Rxa1 48. Ke5 Ra6 49. Kd5 Kb4 0-1

[Event "Havana Guevara Memorial 1st"]
[Site "Havana"]
[Date "2007.06.06"]
[Round "3"]
[White "Valido Bouza, Cesar Jose"]
[Black "Diaz Millan, Reinier"]
[Result "1-0"]
[WhiteElo "2248"]
[BlackElo "2046"]
[PlyCount "87"]
[EventDate "2007.06.04"]
[EventType "tourn"]
[EventRounds "11"]
[EventCountry "CUB"]
[SourceTitle "EXT 2019"]
[Source "ChessBase"]
[SourceDate "2018.10.10"]
[SourceVersion "1"]
[SourceVersionDate "2018.10.10"]
[SourceQuality "1"]

1. e4 c5 2. Nf3 Nc6 3. Bb5 e6 4. 0-0 Nge7 5. Re1 a6 6. Bf1 d5 7. e5 Ng6 8. c3 d4 9. d3 Be7 10. c4 Qc7 11. Qe2 0-0 12. g3 b5 13. b3 Bb7 14. Bg2 Rfe8 15. h4 Bf8 16. h5 Nge7 17. Bf4 g6 18. Nbd2 Nb8 19. Ne4 Bxe4 20. Qxe4 Nd7 21. Kh2 Bg7 22. Rh1 h6 23. hxg6 Nxg6 24. Rae1 Ra7 25. Kg1 Nxf4 26. Qxf4 f5 27. g4 Rf8 28. g5 hxg5 29. Nxg5 Re8 30. Qh4 Nf8 31. f4 Qa5 32. Re2 Qc3 33. Rh3 Qc1+ 34. Kh2 bxc4 35. bxc4 Qd1 36. Rb2 Qc1 37. Rb6 Qd2 38. Rd6 Qa5 39. Qh5 Rae7 40. Rg3 Rb8 41. Rxe6 Nxe6 42. Qh7+ Kf8 43. Nxe6+ Ke8 44. Bc6+ 1-0